000 01314nab a2200373 a 4500
001 66849
003 FlNmELB
005 20241217142746.0
006 m o d |
007 cr cn|||||||||
008 201106r2007 ag |||||s|||||||||||spa d
022 _a1669-2381
035 _a(OCoLC)955394404
040 _aFlNmELB
_bspa
_cFlNmELB
050 4 _aRA425
_bM477 2007
080 _a614
082 0 4 _a614
_222
100 1 _aMazzeo, Victoria.
222 0 _aSalud colectiva
245 1 3 _aLa situación de la salud-enfermedad-atención de la primera infancia en la Ciudad de Buenos Aires entre 1990 y 2002
_h[recurso electronico] /
_cVictoria Mazzeo.
260 _a[Buenos Aires, Argentina] :
_b[Universidad Nacional de Lanús],
_c2007.
300 _a285-300 p.
310 _aCuatrimestral
362 0 _aVol. 3, Num. 3 (2007)-
533 _aRecurso electrónico. Santa Fe, Arg.: e-libro, 2015. Disponible vía World Wide Web. El acceso puede estar limitado para las bibliotecas afiliadas a e-libro.
650 0 _aSalud pública.
650 0 _aMedicina social.
650 0 _aPublic health.
650 0 _aSocial medicine.
655 4 _aArtículos electrónicos.
710 2 _ae-libro, Corp.
740 0 2 _aSalud colectiva.
856 4 0 _uhttps://elibro.net/ereader/politecnicointernacional/24504
999 _c66849
_d66849